studying on lameness disease in pony in srey sontur district, kampongcham province (ការសិក្សាពីជំងឺ lameness នៅលើសេះនៅស្រុកស្រីសន្ធរ ខេត្តកំពង់ចាម) (Record no. 2634)

000 -LEADER
fixed length control field 00605nam a22001337a 4500
040 ## - CATALOGING SOURCE
Transcribing agency RUA
082 ## - DEWEY DECIMAL CLASSIFICATION NUMBER
Classification number AVM YOR 2013 B106 Or.1
100 ## - MAIN ENTRY--AUTHOR NAME
Personal name YORT, SOPHEN.
245 ## - TITLE STATEMENT
Title studying on lameness disease in pony in srey sontur district, kampongcham province (ការសិក្សាពីជំងឺ lameness នៅលើសេះនៅស្រុកស្រីសន្ធរ ខេត្តកំពង់ចាម)
260 ## - PUBLICATION, DISTRIBUTION, ETC. (IMPRINT)
Place of publication Phnom Penh
Name of publisher RUA
Year of publication 2013
300 ## - PHYSICAL DESCRIPTION
Number of Pages xiii, 64p.
Other physical details ill.
Dimensions 29cm.
856 ## - ELECTRONIC LOCATION AND ACCESS
Uniform Resource Identifier https://drive.google.com/file/d/1lMhYdQp8801X9Zbx8Iev7B73xBGoE2eX/view?usp=sharing
942 ## - ADDED ENTRY ELEMENTS (KOHA)
Koha item type AVM
952 ## - LOCATION AND ITEM INFORMATION (KOHA)
Withdrawn status [LOCAL, KOHA] 0
952 ## - LOCATION AND ITEM INFORMATION (KOHA)
Withdrawn status [LOCAL, KOHA] 0
952 ## - LOCATION AND ITEM INFORMATION (KOHA)
Withdrawn status [LOCAL, KOHA] 0
952 ## - LOCATION AND ITEM INFORMATION (KOHA)
Withdrawn status [LOCAL, KOHA] 0
952 ## - LOCATION AND ITEM INFORMATION (KOHA)
Withdrawn status [LOCAL, KOHA] 0
952 ## - LOCATION AND ITEM INFORMATION (KOHA)
Withdrawn status [LOCAL, KOHA] 0
952 ## - LOCATION AND ITEM INFORMATION (KOHA)
Withdrawn status [LOCAL, KOHA] 0
952 ## - LOCATION AND ITEM INFORMATION (KOHA)
Withdrawn status [LOCAL, KOHA] 0
952 ## - LOCATION AND ITEM INFORMATION (KOHA)
Withdrawn status [LOCAL, KOHA] 0
Holdings
Permanent Location Date acquired Koha item type Lost status Shelving location Barcode Current Location Full call number
Library Block B2015-10-24AVM B106RUA016497Library Block BAVM YOR 2013 B106 Or.1
Library Block B2015-10-24AVM B106RUA016496Library Block BAVM YOR 2013 B106 Or.2
Library Block B2015-10-24AVM B106RUA016495Library Block BAVM YOR 2013 B106 Or.3
Library Block B2015-10-24AVM B106RUA016358Library Block BAVM YOR 2013 B106 Or.4
Library Block B2015-10-24AVM B106RUA016357Library Block BAVM YOR 2013 B106 Or.5
Library Block B2015-10-24AVM B106RUA016364Library Block BAVM YOR 2013 B106 Or.6
Library Block B2015-10-24AVM B106RUA016363Library Block BAVM YOR 2013 B106 Or.7
Library Block B2019-06-29AVM B1.238A35754Library Block BAVM YOR 2013 B1.238 Or.1
Library Block B2019-06-29AVM B1.238A36420Library Block BAVM YOR 2013 B1.238 Or.1
មជ្ឈមណ្ឌលឯការនៃសាកលវិទ្យាល័យភូមិន្ទកសិកម្មចំការដូង

Powered by Koha